Normal view
MARC view
- Enviormental Sciences MS-Thesis.
Entry Topical Term
001 - CONTROL NUMBER
- control field: 29455
003 - CONTROL NUMBER IDENTIFIER
- control field: NUST
005 - DATE AND TIME OF LATEST TRANSACTION
- control field: 20200825164954.0
008 - FIXED-LENGTH DATA ELEMENTS
- fixed length control field: 200825|| aca||aabn | a|a d
040 ## - CATALOGING SOURCE
- Original cataloging agency: NUST
- Transcribing agency: NUST
150 ## - HEADING--TOPICAL TERM
- Topical term or geographic name entry element: Enviormental Sciences MS-Thesis.
670 ## - SOURCE DATA FOUND
- Source citation: Work cat.: (NUST): Khan, Waqas Ahmed 1730, Quantification of material wastage and their causes in building construction projects of Pakistan /, 2016.
